| 000 | nam a22 a 4500 | ||
|---|---|---|---|
| 999 |
_c57540 _d57540 |
||
| 003 | BLK | ||
| 005 | 20220801094009.0 | ||
| 008 | 180408b bul|||||r ||||||| ||bul|| | ||
| 010 | _aKNG00061544000 | ||
| 040 | _aBLK | ||
| 041 |
_aBUL _cBUL |
||
| 080 |
_aСпециална библиография _b016 _x:94(497.2)"1923" _z016:94(497.2)"1923" |
||
| 080 |
_aЮнско и Септемврийско антифашистко въстание (1923) _b94(497.2)"1923" _x(01) _z94(497.2)"1923"(01) |
||
| 139 |
_aСептемврийското народно антифашистко въстание - 1923 _bС 33 |
||
| 245 | 1 | 0 |
_aСептемврийското народно антифашистко въстание - 1923 _bБиблиогр. _cсъстав. Петя Дюгмеджиева и др. ; ред. Велчо Ковачев. |
| 257 | _aBGR | ||
| 260 |
_aСофия _bПартиздат _c1973 |
||
| 300 |
_a431 с. _c20 см |
||
| 380 | _a0 | ||
| 500 | _aДруги състав.: Цвета Минкова, Стефан Ангелов, Венета Апостолова, Евелина Василева, Валентина Дерибеева, Йорданка Далапчиева, Анна Караджова, Олга Кузова, отбелязани на гърба на загл. с. - Кор. Септември. - Именен показалец | ||
| 504 | _aБиблиогр. с. 391-398 | ||
| 650 | 4 |
_aСептемврийско въстание 1923 - библиографии _9287683 |
|
| 653 | _aСептемврийско въстание 1923 | ||
| 653 | _aистория | ||
| 653 | _aбиблиография | ||
| 700 | 1 |
_aДюгмеджиева, Петя _eсъстав. _9287682 |
|
| 700 | 1 |
_aКовачев, Велчо _eред. _9369464 |
|
| 852 |
_aЦб 67604 _bЦб |
||
| 942 |
_cKNG _n0 _s1 _01 |
||
| 944 |
_aCR _c13.06.2004 _kРенета_Константинова |
||
| 944 |
_aED _c2022-07-13 _kГГГ |
||